000
00226nam a2200097Ia 4500
008
240331s9999 xx 000 0 und d
082
_b
AGN
100
_a
Agnis, P
245
0
_a
Penn viduthalaiyum kaahitha chaddankalum
942
_c
L
999
_c
3619
_d
3619